000 01246nam0a22002771 4500
001 rc\2359767
005 20260407090151.0
035 _a(NLR Aleph) 006478157
090 _a6005540
_c6005540
100 _a20110829d1977 |||y0rusy50 ca
101 0 _arus
102 _aRU
105 _ay j |||||
200 1 _aУчебно-методическое пособие по географии
_eДля слушателей подгот. отд-ния и веч. подгот. курсов
_fЛенингр. ин-т сов. торговли им. Ф. Энгельса. Каф. экон. географии
210 _aЛенинград
_cБ. и.
_d1977
215 _a25 с.
_d22
300 _aНа 3-й с.: разраб. проф. С.В. Кочубей, преп. П.С. Янов, доц. С.Ф. Каминский [и др.]
701 1 _aЯнов
_bП.С.
701 1 _aКаминский
_bС.Ф.
701 1 _aКочубей
_bС.В.
_gСергей Владимирович
712 0 2 _aЛенинградский институт советской торговли им. Ф. Энгельса
_3RU\NLR\AUTH\8814023
_9301178
801 0 _aRU
_bNLR
_gpsbo
801 1 _aRU
_bELAR
_2rusmarc
852 _aNLR
_j77-6/11664
942 _cBOOK
980 _aNB